On the birth of boundary layers /

Saved in:
Bibliographic Details
Main Author: Grasman, Johan
Format: Book
Language:English
Published: Amsterdam : Mathematisch Centrum, 1971.
Series:Mathematical Centre tracts 36
Subjects:
LEADER 01193nam a2200325 a 4500
001 c000186746
003 CARM
005 20051027152423.0
008 730509s1971 ne b 001 0 eng
015 |a Ne*** 
019 1 |a 541249  |z 618090  |5 LACONCORD2021 
035 |a (OCoLC)361626  |5 LACONCORD2021 
040 |a LC  |b eng  |c LC  |d NUN:M 
050 0 0 |a QA913  |b .G66 1971b 
050 1 4 |a QA913  |b .G66 1971 
082 0 4 |a 532/.052  |2 19 
100 1 |a Grasman, Johan. 
245 1 0 |a On the birth of boundary layers /  |c by J. Grasman. 
260 |a Amsterdam :  |b Mathematisch Centrum,  |c 1971. 
300 |a vi, 137 p. : ;  |c 24 cm. 
490 1 |a Mathematical Centre tracts  |v 36 
500 |a Published also as thesis, Delft. 
504 |a Bibliography: p. 132-135. 
650 0 |a Boundary layer. 
650 0 |a Asymptotic expansions. 
650 0 |a Perturbation (Mathematics) 
810 2 |a Mathematisch Centrum (Amsterdam, Netherlands)  |t Mathematical Centre Tracts ;  |v 36. 
852 8 |b CARM  |h A2:AQ08B0  |i C07769  |p 0261620  |f BK 
999 f f |i dfb711d4-8899-539d-8759-880169a23241  |s d45f2f2a-e117-5eff-b067-5078c6c4d985 
952 f f |p Can circulate  |a CAVAL  |b CAVAL  |c CAVAL  |d CARM 1 Store  |e C07769  |f A2:AQ08B0  |h Other scheme  |i book  |m 0261620